Maantiedettä kirjaimittain - A - Statistics

Yleistilastot
  • Tätä visaa on pelattu 1 749 kertaa
  • Keskiarvotulos 14 / 20
Vastaustilastot
Vihje Vastaus % Oikein
Muun muassa kenguruista tunnettu valtio Australia
99%
Kreikan pääkaupunki Ateena
96%
Valtio Etelä-Amerikassa Argentiina
91%
Euroopassa sijaitseva valtio, jonka pinta-alasta kolmasosa on merenpinnan alapuolella Alankomaat
90%
Yllä olevan valtion pääkaupunki Amsterdam
88%
Valtio Pyreneillä Andorra
87%
Virtaamaltaan maailman suurin joki Amazon
84%
Yhdysvaltojen vuonna 1867 Venäjältä ostama alue Alaska
81%
Maailman viidenneksi puhutuin kieli Arabia
80%
Etelä-Amerikan halki kulkeva vuoristo Andit
75%
Yhdistyneiden arabiemiirikuntien pääkaupunki Abu Dhabi
65%
Meri Italian ja Balkanin välissä {Adrian}meri
61%
Uuden-Seelannin suurin kaupunki Auckland
57%
Hollannin kielestä kehittynyt kieli Etelä-Afrikassa Afrikaans
53%
Antiikin ajan suurimmasta kirjastosta tunnettu kaupunki Aleksandria
50%
Portugalille kuuluva saaristo keskellä Atlanttia Azorit
50%
Nimellä "Imperiumien hautausmaa" tunnettu valtio Afganistan
47%
Yksi Kanadan provinsseista Alberta
45%
Paraguayn pääkaupunki Asunción
42%
Turkissa sijaitseva vuori, joka on Armenian kansallissymboli Ararat
36%
Ehtoja vastaavia visoja ei löytynyt
Tulosjakauma
Jokaisen tuloksen saaneiden osuus
Persentiili vastausten määrän mukaan
Tuloshistoriasi
Et ole pelannut tätä visaa